000 00627nam a2200193Ia 4500
003 GCL
008 140319s9999 xx 000 0 ara d
040 _aGCL /
_cGCL
082 0 4 _a822
_bب ع
100 1 _aعمر مكاوى (مترجم)
245 1 0 _aعزيزى بروتس /
_cعمر مكاوى (مترجم)
700 1 _aبارى، ج . م
700 1 _aمصطفى حبيب
490 _aروائع المسرح العالمى
_v0
650 0 4 _aالادب الانجليزى
650 0 4 _aالمسرحيات الانجليزية
650 0 4 _aالمسرحيات الايرلندية المترجمة
942 _2ddc
_cBK
999 _c41819
_d41819